LEADER 01023nas# 22002651i 450 001 UON00011195 005 20231205101934.431 011 $a0264-1826 100 $a20020107f1984 |0itac50 ba 101 $aeng 102 $aGB 105 $a|||| 1|||| 110 $aaF||||||||| 200 1 $aArts$eThe Islamic World$fIslamic Arts Foundation 210 $aLondon$cIslamic Arts Foundation v. ; 30 cm Semestrale 215 $aDescrizione basata su: v. 2(1984/85) n. 4 620 $aGB$dLondon$3UONL003044 686 $aGB$cREGNO UNITO - PERIODICI$2A 712 02$aIslamic Arts Foundation$cLondon$3UONV008715 801 $aIT$bSOL$c20240220$gRICA 899 $aSIBA - SISTEMA BIBLIOTECARIO DI ATENEO$2UONSI$42(1884/85) *4,5*$cPer Misc 77 geografia 6°piano ; 912 $aUON00011195 950 $aSIBA - SISTEMA BIBLIOTECARIO DI ATENEO$bSI 2(1884/85) *4,5*$dSI A Per Misc 77 1985 $eSI SA 76106 7 1985 996 $aArts$91321933 997 $aUNIOR